LEADER 00880nam a2200205 i 4500 001 000000142361 003 CaOOAMICUS 005 20150619000000.0 008 150619s1827 it u000 u ita u 013 $a117669 026 $areta heol dai, fain (3) 1827 (R) 040 $aSeMil$bita 245 10$aMese di gennaio. 300 $aXXIII, [1], 219, [1] p., [1] carta di tav. :$bill. 773 0 $tOpere di Dio e le maraviglie della natura considerazioni per tutti i giorni dell'anno di C. C. Sturm. Opera adattata ad ogni genere di persone tradotta e corredata di alcune nuove osservazioni.$dMilano : Co' Torchi d' Omobono Manini, 1827-1828.$g1$w()32078 850 $aSeMil 852 $aSeMil$W1$xVenegono$y1$m3F II 332 FA$j95535$B95535$CSeMilBibl$Z2$F156193 $8I 941 1 $a10 961 $aRecupero: Mantegazza 996 $6245$aMese di gennaio$9(OLS)http://semarc/title/208206 LEADER 00956nam a2200229 i 4500 001 000000340466 003 CaOOAMICUS 005 20200604135153.0 008 200604s1983 it u001 u ita u 013 $a222210 040 $aSeMil$bita 100 1 $aDonghi, Antonio.$0(OLS)http://semarc/name/15540 245 10$aIntroduzione alla liturgia eucaristica /$ccorso di Liturgia tenuto dal prof. don Antonio Donghi. 260 $aMilano :$b[s.n.],$c1983. 300 $a120 p. ;$c21 cm 650 4$aLiturgia eucaristica.$0(OLS)http://semarc/subject/36833 710 0 $aIstituto Superiore di Scienze Religiose .$0(OLS)http://semarc/name/2495 850 $aSeMil 852 $aSeMil$W1$xVenegono$y1$m5D XII 26/3$j220735$B231560$CSeMilBibl$Z2$F231560 $81 996 $6245$aIntroduzione alla liturgia eucaristica$9(OLS)http://semarc/title/429498 996 $6260$aMilano :$b[s.n.]$9(OLS)http://semarc/publisher/29709 LEADER 01057nam a2200253 i 4500 001 000000052994 003 CaOOAMICUS 005 20150202000000.0 008 150202s1983 it u000 u ita u 013 $a24166 040 $aSeMil$bita 100 1 $aGalli, Giorgio,$d<1928-2020>.$0(OLS)http://semarc/name/19304 245 12$aL'Italia sotterranea :$bstoria, politica e scandali /$cGiorgio Galli. 260 $aBari :$bLaterza,$cstampa 1983. 300 $a295 p. ;$c18 cm. 490 0 $aSaggi tascabili Laterza ;$v91 650 4$aItalia - Storia - Sec. 20.$0(OLS)http://semarc/subject/254 650 4$aPolitica - Studi.$0(OLS)http://semarc/subject/2624 830 0$aSaggi tascabili Laterza ;$v91.$0(OLS)http://semarc/title/6926 850 $aSeMil 852 $aSeMil$W1$xVenegono$y1$m3N I 463$j19148$B19148$CSeMilBibl$Z2$F19150 $81 961 $aOmaggio: Agenzia internazionale 996 $6245$aL'Italia sotterranea :$bstoria, politica e scandali$9(OLS)http://semarc/title/81521 996 $6260$aBari :$bLaterza$9(OLS)http://semarc/publisher/29858